LEADER 00947nam a2200205 i 4500 001 000000206950 003 CaOOAMICUS 005 20111018000000.0 008 111018s1867 it u000 u ita u 013 $a185724 040 $aSeMil$bita 100 1 $aRicci, Mauro <1826-1900>.$0(OLS)http://semarc/name/11364 245 13$aLa nuova educazione :$bpoemetto postumo in due canti /$cdi Possidonio Da Peretola ; pubblicati da Matteo Ricci D.S.P. ; con note e commeti di Ulivo Beccaluva ; e col ritratto dell'autore. 260 $aFirenze :$bTip. Calasanziana,$c1867. 300 $a70 p. ;$c19 cm. 700 1 $aBeccaluva, Ulivo.$0(OLS)http://semarc/name/74337 850 $aSeMil 852 $aSeMil$W1$xVenegono$y1$m1S V 28 FA$j157413$B157413$CSeMilBibl$Z2$F168708 $8I 996 $6245$aLa nuova educazione :$bpoemetto postumo in due canti$9(OLS)http://semarc/title/299267 996 $6260$aFirenze :$bTip. Calasanziana$9(OLS)http://semarc/publisher/29948 LEADER 01086nam a2200253 i 4500 001 000000114051 003 CaOOAMICUS 005 20030409000000.0 008 030409s1981 it u000 u ita u 013 $a86737 040 $aSeMil$bita 100 1 $aCalori, Carlo .$0(OLS)http://semarc/name/36466 245 13$aUn cristianesimo dimezzato? :$bspunti di spiritualitā per insegnanti di religione /$cCarlo Calori, Piero Quattrini. 260 $aMilano :$bĀncora,$c1981. 300 $a83 p. ;$c19 cm. 500 $aDono del Card. Dionigi Tettamanzi. 650 4$aCristianesimo - Meditazioni.$0(OLS)http://semarc/subject/1977 700 1 $aQuattrini, Piero.$0(OLS)http://semarc/name/39105 850 $aSeMil 852 $aSeMil$W1$xVenegono$y1$m3F II 259$j69649$B69649$CSeMilBibl$Z2$F100577 $81 941 1 $a5 961 $aOmaggio: Tettamanzi Card. Dionigi 996 $6245$aUn cristianesimo dimezzato? :$bspunti di spiritualitā per insegnanti di religione$9(OLS)http://semarc/title/166609 996 $6260$aMilano :$bĀncora$9(OLS)http://semarc/publisher/29763